| 000 | 00788cab a2200265 4500 | ||
|---|---|---|---|
| 001 | ABS49997 | ||
| 008 | 090401t1994 xxu||||| |||| 00| 0 eng d | ||
| 035 | _a(Sirsi) u73580 | ||
| 041 | _aeng | ||
| 100 | _aHeayes, N. | ||
| 245 | _aSuspended animation | ||
| 260 | _c1994 | ||
| 350 | _a0 | ||
| 490 |
_aSurveyor _v181(5275) 20 January 1994, 17-18(2) |
||
| 520 | _aExamines the use that local authorities can make of Geographic Information Systems (GIS) in the development of programmes to monitor streetworks. | ||
| 650 | _aCOPYRIGHT LICENCES | ||
| 650 | _aGIS | ||
| 650 | _aMARCH SYSTEM | ||
| 650 | _aORDNANCE SURVEY | ||
| 650 | _aPAVEMENT MANAGEMENT SYSTEMS | ||
| 650 | _aSTREETWORKS REGISTER | ||
| 690 | _aMAPPING AND MEASUREMENT | ||
| 942 | _n0 | ||
| 948 | _c04/03/1997 | ||
| 999 |
_c46487 _d46487 |
||